00430 a2200133 450000500170000002000220001708200210003910000180006024500220007825000120010026000330011230000860014585600650023120250516084858.0 a978-0-07-337867-1 aLECT 371.102 ARE aARENDS, R. I. aLearning to Teach a8th Ed. aBoston,bMcGraw-Hill,c2009. axxiii, 584p.: ill.; figure, picture, table.bGlossary, Figure & Reference.c25cm. yAccess Online BookfLearning to Teachdwww.mhhe.com/arends8e